| 000 | 00534nam a2200193Ia 4500 | ||
|---|---|---|---|
| 005 | 20250923144846.0 | ||
| 008 | 008 250917s9999 xx 000 0 eng d | ||
| 037 | _aTextual | ||
| 040 |
_aDSWL _beng _cDSWL |
||
| 041 |
_aeng _2eng |
||
| 084 |
_aX:9B(Z).56'N46t, N62 _qDSWL |
||
| 245 | 0 | _aHealth welfare, and safety in non-industrial employment | |
| 260 |
_aLondon _bHMSO _c1962 |
||
| 300 | _a115p. | ||
| 365 |
_aINR _b7 |
||
| 925 | _g7 | ||
| 942 |
_cTEXL _hX:9B(Z).56'N46t, N62 |
||
| 999 |
_c1444243 _d1444243 |
||